000 00606nam a22002297a 4500
003 UA-OsUOA
001 48054
007 ta
008 20070828b un ||||| |||| 00| 0 ukr d
100 _aМетченко А.
090 _a82.09
_bМ54
942 _cBK
040 _aUA-OsUOA
_brus
_cUA-OsUOA
_dUA-OsUOA
245 _aКровное, завоеванное
300 _a487 с.
955 _a0
041 _arus
080 _a82.09
260 _aМ.
_bСоветский писатель
_c1975
650 7 _a82 Література. Літературознавство
_2UDC
999 _c334158
_d334158